| 000 | 00459nam a2200157 i 4500 | ||
|---|---|---|---|
| 001 | 97912 | ||
| 003 | ES-MaACL | ||
| 005 | 20230906182200.0 | ||
| 007 | t| | ||
| 008 | 050719s1905 sp ||||1| spa d | ||
| 100 | 1 |
_aMaristany y Gibert, Eduardo. _9129510 |
|
| 245 | 1 | 0 |
_aImpresiones de un viaje por los Estados Unidos / _cEduardo Maristany y Gibert. |
| 260 |
_aBarcelona : _bHenrich y CÂȘ, _c1905. |
||
| 300 |
_a296 p. ; _c19 cm. |
||
| 852 |
_aES-MaACL _jG-7566 |
||
| 999 |
_c97912 _d97912 |
||